000 00729nam a2200253 a 4500
001 46802
003 BD-RjUL
005 20211209054215.0
008 160804s1961 uk b 001 0 eng d
035 _a(BD-RjUL)46921
040 _aDLC
_cDLC
_dDLC
_dBD-RjUL
_beng
041 _aeng
082 0 0 _a342.4206
_223
_bWAA 1961
100 1 _aWade, H. W. R.
_917544
245 1 0 _aAdministrative law /
_cby H. W. R. Wade
250 _a1st ed.
260 _aOxford :
_bClarendon Press,
_c1961
300 _axvi, 290 p. ;
_c21 cm.
490 _aClarendon Law Series
504 _aIncludes Index and bibliography.
650 _aAdministrative law
_zGreat Britain.
_9249462
830 _aClarendon Law Series
_9249463
942 _2ddc
_cBK
999 _c46802
_d46802